| 000 | 00583nam a22001697a 4500 | ||
|---|---|---|---|
| 003 | NUST | ||
| 038 | _aNusrat Nadeem | ||
| 082 | _a200 | ||
| 100 | _aKhan Amanullah | ||
| 245 |
_aChallenges of Peacebuilding in Afghanistan: Competing Interests of International and Regional Players/ _cAmanullah Khan |
||
| 264 |
_aIslamabad; _bCIPS NUST; _c2020. |
||
| 300 |
_a246,p; _bill; _c30,cm. |
||
| 650 |
_aPhD-Peace and Conflict Studies _9123173 |
||
| 700 |
_aSupervisor: Dr. Ahmed Waqas Waheed _9123174 |
||
| 856 | _uhttp://10.250.8.41:8080/xmlui/handle/123456789/29742 | ||
| 942 |
_2ddc _cSC |
||
| 999 |
_c610174 _d610174 |
||